Acteurs américain #2 - Statistiques

Statistiques générales
  • Ce quiz a été pris 1 012 fois
  • Le résultat moyen est 11 sur 16
Statistiques - réponses
Par images Réponse % Correct
Will Smith
98%
Dwayne Johnson
84%
Robert Downey Jr
83%
Morgan Freeman
81%
Marylin Monroe
78%
Julia Roberts
77%
Sylvester Stallone
69%
Matt Damon
67%
John Cena
64%
Anne Hathaway
62%
Joaquin Phoenix
58%
Christian Bale
57%
Arnold Schwarzenegger
56%
Jessica Alba
47%
Ben Stiller
42%
Nicole Kidman
38%
Aucun quiz correspondant
Distribution des résultats
% des personnes avec chaque résultat
Percentile par nombre de réponses
Votre historique - résultats
Vous n’avez pas pris ce quiz